| 000 | 00731nam a2200253 i 4500 | ||
|---|---|---|---|
| 001 | bg | ||
| 100 | 1 | _aDYER, Wayne W. | |
| 245 | 1 | 0 |
_aPokochaj siebie / _cWayne W. Dyer ; przeł. [z ang.] Marian J. Waszkiewicz. |
| 246 |
_iTyt. oryg.: _aYour erroneous zones |
||
| 260 |
_aPoznań : _bZysk i S-ka. Wydaw. : _b"Hermes", _c1994. |
||
| 300 |
_a255, [1] s. ; _c19 cm. |
||
| 490 | 1 | _a[Psychologia] | |
| 500 | _aOryg. : "Your erroneous zones", 1976. | ||
| 650 | 9 |
_aPsychoterapia _xmetody |
|
| 650 | 9 | _aSamorealizacja | |
| 830 | _a[Psychologia] | ||
| 020 | _a8386211423 | ||
| 040 | _cBPK | ||
| 041 | 1 |
_apl _hen |
|
| 080 | _a159.9:615.85 | ||
| 920 | _a83-86211-42-3 | ||
| 942 | _cKS | ||
| 008 | s pl f |000 0 pol | ||
| 999 |
_c33582 _d33582 |
||
| 856 |
_uhttp://koha.tu.koszalin.pl/cgi-bin/koha/opac-detail.pl?biblionumber=33582 _yKatalog online BPK |
||